Electronic Communications (Record no. 10480)

MARC details
000 -LEADER
fixed length control field 00522nam a22002057a 4500
001 - CONTROL NUMBER
control field nam a22 7a 4500
003 - CONTROL NUMBER IDENTIFIER
control field OSt
005 - DATE AND TIME OF LATEST TRANSACTION
control field 20211007151846.0
007 - PHYSICAL DESCRIPTION FIXED FIELD--GENERAL INFORMATION
fixed length control field nam a22 7a 4500
008 - FIXED-LENGTH DATA ELEMENTS--GENERAL INFORMATION
fixed length control field 211007b |||||||| |||| 00| 0 eng d
010 ## - LIBRARY OF CONGRESS CONTROL NUMBER
LC control number nam a22 7a 4500
020 ## - INTERNATIONAL STANDARD BOOK NUMBER
International Standard Book Number 0830633650
040 ## - CATALOGING SOURCE
Transcribing agency HU
082 ## - DEWEY DECIMAL CLASSIFICATION NUMBER
Classification number 621.382/DUL/1990
100 ## - MAIN ENTRY--PERSONAL NAME
Personal name Dulin John J.
9 (RLIN) 11339
245 ## - TITLE STATEMENT
Title Electronic Communications
260 ## - PUBLICATION, DISTRIBUTION, ETC.
Name of publisher, distributor, etc. TAB Books Blue Ridge Summit PA.
Date of publication, distribution, etc. 1990
300 ## - PHYSICAL DESCRIPTION
Extent 690p
942 ## - ADDED ENTRY ELEMENTS (KOHA)
Source of classification or shelving scheme Dewey Decimal Classification
Koha item type Books like text book referance book
Suppress in OPAC No
Holdings
Withdrawn status Lost status Source of classification or shelving scheme Damaged status Not for loan Home library Current library Shelving location Date acquired Total Checkouts Full call number Barcode Date last seen Copy number Price effective from Koha item type
    Dewey Decimal Classification     Natural & Computational Science Library Natural & Computational Science Library General Stacks 10/07/2021   621.382/DUL/1990 NCSLIB000017374 10/07/2021 1 10/07/2021 Books like text book referance book